000 00654nam a2200205 a 4500
001 000025781
005 20240524204944.0
008 110222s2005 dr 000 0 spa d
040 _aDO-SdBNP
_bspa
_cBNPHU
082 _a174.9332
_bB213c
110 1 _aBanco Santa Cruz (República Dominicana)
_952581
245 1 0 _aCódigo de ética.
260 _aSanto Domingo :
_bBúho,
_c2005.
300 _a47 p. ;
_c23 cm.
590 _aInventariado, 2018/MFF
650 4 _aEmpleados bancarios
_xÉtica profesional
_952582
650 0 _aDerecho bancario
_97013
650 4 _aInstituciones financieras
_xÉtica
_952583
910 _aValidado. Control de calidad EMS.
999 _c25273
_d25273